| 000 | 00435 a2200133 4500 | ||
|---|---|---|---|
| 001 | 91282 | ||
| 082 | _aPR 1187 | ||
| 090 |
_c43376 _d43375 |
||
| 100 | _aFaruq; Prof Salman Absar and Ismail (Advisors) | ||
| 245 |
_aInstrumentation of 1"x1" Wind Tunnel using Scanivalve system and Computerized DAQ System is to be installed _n42 "A" EC |
||
| 260 |
_aKarachi _bNED University _c1995 |
||
| 300 | _aviii,97p | ||
| 500 | _aBE Project Reports | ||
| 942 |
_aCAE NUST _kPR 1187 |
||
| 999 |
_c326355 _d326355 |
||